Rèn luyện và phát triển năng lực toán học cho sinh viên ngành giáo dục tiểu học thông qua hoạt động rèn luyện nghiệp vụ sư phạm
Tallennettuna:
| Päätekijä: | |
|---|---|
| Aineistotyyppi: | Kirja |
| Kieli: | Undetermined |
| Aiheet: | |
| Linkit: | http://lrc.tdmu.edu.vn/opac/search/detail.asp?aID=2&ID=19306 |
| Tagit: |
Lisää tagi
Ei tageja, Lisää ensimmäinen tagi!
|
| Thư viện lưu trữ: | Trung tâm Học liệu Trường Đại học Thủ Dầu Một |
|---|
| LEADER | 00731nam a2200145Ia 4500 | ||
|---|---|---|---|
| 001 | TDMU_19306 | ||
| 008 | 210410s9999 xx 000 0 und d | ||
| 082 | |a 371.3 | ||
| 100 | |a Lê, Duy Cường | ||
| 245 | 0 | |a Rèn luyện và phát triển năng lực toán học cho sinh viên ngành giáo dục tiểu học thông qua hoạt động rèn luyện nghiệp vụ sư phạm | |
| 245 | 0 | |c Lê Duy Cường | |
| 300 | |a Tr.23-25 | ||
| 650 | |a Giáo dục tiểu học; Toán học; Giáo dục |x Năng lực toán học |x Phát triển |x Sinh viên | ||
| 856 | |u http://lrc.tdmu.edu.vn/opac/search/detail.asp?aID=2&ID=19306 | ||
| 980 | |a Trung tâm Học liệu Trường Đại học Thủ Dầu Một | ||